Rote Sonne, schwarzes Land : roman
Αποθηκεύτηκε σε:
| Κύριος συγγραφέας: | |
|---|---|
| Άλλοι συγγραφείς: | |
| Μορφή: | Βιβλίο |
| Γλώσσα: | German |
| Δημοσίευση: |
[Frankfurt am Main] :
Fischer Taschenbuch,
[1992]
|
| Θέματα: | |
| Ετικέτες: |
Προσθήκη ετικέτας
Δεν υπάρχουν, Καταχωρήστε ετικέτα πρώτοι!
|
MARC
| LEADER | 00000cam a2200000 i 4500 | ||
|---|---|---|---|
| 001 | 1/29770 | ||
| 008 | 060518s1992 ger d | ||
| 020 | |a 3-596-10897-7 | ||
| 035 | |l 10083979 | ||
| 040 | |a GR-MY-UA |b gre |e aacr | ||
| 041 | 0 | |a ger | |
| 082 | 0 | |a 813.54 |2 (22) | |
| 100 | 1 | |a Wood, Barbara, |d 1947- | |
| 245 | 1 | 0 | |a Rote Sonne, schwarzes Land : |b roman / |c Barbara Wood ; aus dem Amerikanischen von Manfred Ohl und Hans Sartorius |
| 246 | 3 | 3 | |a Green city in the sun |
| 260 | |a [Frankfurt am Main] : |b Fischer Taschenbuch, |c [1992] | ||
| 300 | |a 765 σ.; |c 20 εκ. | ||
| 650 | 0 | 0 | |a American fiction |y 20th century. |
| 650 | 0 | |a Historical fiction, American. | |
| 651 | 0 | |a Kenya |x Fiction. | |
| 700 | 1 | |a Sartorius, Hans. |4 trl | |
| 852 | |a INST |b RHODES |c KRI |e 20060518 |h 813.54 WOO |p 005400020872 |q 005400020872 |t BK |y 0 | ||
| 901 | |a BIBL4-2006-2 | ||
| 970 | |a ΚΟΖΑ |b ΜΑΡΙΑ |z 2006/05/18 | ||